Dates de grandes batailles - Statistiques

Statistiques générales
  • Ce quiz a été pris 112 fois
  • Le résultat moyen est 8 sur 11
Statistiques - réponses
Date Bataille Belligérant (Vainqueur) Belligérant (Perdant) % Correct
-52 Alesia Romains (Jules César) Résistance gauloise (Vercingétorix)
95%
1916 Verdun France Empire allemand
93%
1815 Waterloo Coalition européenne Ier Empire (Napoléon Bonaparte)
87%
1515 Marignan France (François Ier) Confédération suisse
82%
1942-1943 Stalingrad URSS (Staline) Allemagne nazie (Hitler)
77%
1805 Austerlitz Ier Empire (Napoléon Bonaparte) Troisième Coalition
76%
1916 Somme Alliés Empire allemand
70%
-52 Gergovie Gaulois (Vercingétorix) Romains (Jules César)
65%
1066 Hastings Normandie (Guillaume le Conquérant) Angleterre (Harold II)
64%
1914 Marne Alliés Empire allemand
63%
1942 Midway Etats-Unis Japon
43%
Aucun quiz correspondant
Distribution des résultats
% des personnes avec chaque résultat
Percentile par nombre de réponses
Votre historique - résultats
Vous n’avez pas pris ce quiz